Open Data Biblioteca Nacional de Portugal


República Portuguesa: Ministério da Cultura
Biblioteca Nacional de Portugal

Catálogo da BNP: acesso por Identificadores Unívocos
Registos Bibliográficos associados ao registo de autoridade

Etiqueta de registo: 00000nkm 2200025 450
001 2281095
003 http://id.bnportugal.gov.pt/bib/catbnp/2281095
100 ## $a20260317d1992 m y0pory01030103ba
101 0# $apor
102 ## $aPT
200 1# $a1º Grande Prémio de Atletismo, dia 1 de novembro de 1992$bVisual gráfico]$fAssociação Nacional de Bombeiros Profissionais
210 #9 $a[Lisboa]$cAssociação Nacional de Bombeiros Profissionais,$d1992
215 ## $a1 cartaz$ccolor.$d42x29,4 cm
317 ## $aColeção Madeira Luís
710 01 $aGrande Prémio de Atletismo da Associação Nacional de Bombeiros Profissionais,$d1,$f1992$31991938
712 02 $aAssociação Nacional de Bombeiros Profissionais$4557$399246
801 #0 $aPT$bBN$gRPC
966 ## $lBN$mICONOG$sCT. 16301 V.$x3
971 ## $cCaticonografia9$d20260317
995 ## $aPRR2026

OpendataBNP@bnportugal.pt | Mais informação sobre acesso aos dados BNP